000
00294nam a22001217a 4500
008
260424b |||||||| |||| 00| 0 eng d
082
_a
001335
100
_a
Sharma, Vishwanath
245
_a
Hitopadesha Mitralabha
260
_a
Delhi
_b
Motilal Banarasidass
_c
2015
300
_a
150p
942
_2
ddc
999
_c
1323
_d
1323